| 000 | 00717cam a2200253 4500 | ||
|---|---|---|---|
| 001 | M1442 | ||
| 008 | 090401t1993 xxu||||| |||| 00| 0 eng d | ||
| 035 | _a(Sirsi) u32029 | ||
| 041 | _aeng | ||
| 050 | _a306.13 | ||
| 090 | _aRICS 1993/69A | ||
| 110 |
_aRoyal Institution of Chartered Surveyors _94900 |
||
| 245 | _aSpare Space? Project: interim report. | ||
| 260 |
_aLondon _bRICS _c1993 |
||
| 300 | _aiii,33p. ; 30cm. | ||
| 350 | _a0 | ||
| 520 | _aProject set up by the Junior Organisation to encourage the letting of flats over shops. | ||
| 650 | _aJUNIOR ORGANISATION | ||
| 650 | _aLIVING ABOVE THE SHOP | ||
| 650 | _aSPARE SPACE? PROJECT | ||
| 690 | _aHOUSING | ||
| 942 | _n0 | ||
| 948 | _c04/03/1997 | ||
| 999 |
_c89661 _d89661 |
||